[Event "London Classic Superrapid"]
[Site "London ENG"]
[Date "2016.12.18"]
[Round "8.2"]
[White "Melkumyan, Hrant"]
[Black "Moussard, Jules"]
[Result "1/2-1/2"]
[WhiteTitle "GM"]
[BlackTitle "GM"]
[WhiteElo "2633"]
[BlackElo "2571"]
[WhiteFideId "13302485"]
[BlackFideId "642908"]
[EventDate "2016.12.17"]

1. Nf3 Nf6 2. c4 b6 3. d4 Bb7 4. g3 g6 5. Bg2 Bg7 6. O-O O-O 7. d5 Ne4 8. Qc2 f5
9. Nbd2 Nc5 10. e4 e6 11. exf5 exf5 12. Nb3 Nba6 13. Bg5 Bf6 14. h4 Ne4 15. Bxf6
Qxf6 16. Nbd2 Rae8 17. Rae1 Nd6 18. a3 c6 19. dxc6 dxc6 20. Rxe8 Rxe8 21. Re1
Rxe1+ 22. Nxe1 Nc5 23. Nd3 Nxd3 24. Qxd3 c5 25. Bxb7 Nxb7 26. Nf3 Nd6 27. Qd5+
Nf7 28. Ng5 h6 29. Ne6 Kh7 30. Qd7 Kg8 31. Qe8+ Kh7 32. Kg2 Ne5 33. b4 Nxc4 34.
bxc5 bxc5 35. Qd7+ Kg8 36. h5 gxh5 37. Qe8+ Kh7 38. Qd7+ Kg8 39. Qc8+ Kf7 40.
Nf4 Ne5 41. Nd5 Qe6 42. Qxc5 a6 43. Qc7+ Ke8 44. Qb7 Kf8 45. Qb8+ Kf7 46. Qa7+
Kf8 47. Qc5+ Kf7 48. Nc7 Qe7 49. Qxe7+ Kxe7 50. Nxa6 Nc4 51. a4 Nb2 52. Nc5 Kd6
53. Nb7+ Kc7 54. Na5 Nxa4 55. Kh3 Nc5 56. Nc4 Kd7 57. Kh4 Ke6 58. f4 Ne4 59. Ne3
Kf6 60. Nf1 Kg6 61. Ne3 Kf6 62. Nd5+ Kg6 63. Ne7+ Kf6 64. Nc6 Kg6 65. Ne5+ Kf6
66. Nf3 Kg6 67. Nd4 Nd2 68. Kh3 Ne4 69. Nf3 Nf2+ 70. Kh4 Ne4 71. Ne1 Nd2 72. Kh3
Kf6 73. Nc2 Nf3 74. Kg2 Nd2 75. Kh3 Nf3 76. Ne3 Kg6 77. Nd5 Nd4 78. Nb4 Nf3 79.
Nd3 Kf6 80. Kg2 1/2-1/2

[Event "London Classic Superrapid"]
[Site "London ENG"]
[Date "2016.12.18"]
[Round "8.3"]
[White "Fressinet, Laurent"]
[Black "Shabalov, Alexander"]
[Result "1-0"]
[WhiteTitle "GM"]
[BlackTitle "GM"]
[WhiteElo "2672"]
[BlackElo "2563"]
[WhiteFideId "608742"]
[BlackFideId "2008572"]
[EventDate "2016.12.17"]

1. Nf3 d5 2. g3 g6 3. Bg2 Bg7 4. d4 Nf6 5. O-O O-O 6. c4 dxc4 7. Na3 c3 8. bxc3
c5 9. Ne5 Nd5 10. Qb3 Nb6 11. Be3 Be6 12. Qb5 Qc7 13. Nd3 c4 14. Nf4 Bc8 15. Nd5
Nxd5 16. Qxd5 Nc6 17. Qxc4 Qa5 18. Qb3 Bg4 19. Rfe1 Rac8 20. Rac1 b6 21. h3 Bd7
22. Nc2 Qh5 23. g4 Qh4 24. Qd5 Be6 25. Qg5 Qxg5 26. Bxg5 h6 27. Bf4 Bc4 28. e3
e5 29. Bg3 Rfe8 30. Na3 Bxa2 31. Nb5 Bf8 32. Bxc6 Rxc6 33. Nxa7 Rce6 34. Bxe5
Bc4 35. Rb1 Bd3 36. Rb2 f6 37. Bg3 h5 38. Nb5 Rc6 39. gxh5 gxh5 40. d5 Rc4 41.
Rd1 Be4 42. d6 Bf3 43. Rd4 Ra8 44. Rb1 Rc5 45. c4 Kf7 46. h4 Ra4 47. d7 Be7 48.
Bd6 Bd8 49. Bxc5 bxc5 50. Rf4 Bc6 51. Rd1 Ke7 52. Nc3 Ra7 53. Nd5+ Ke6 54. Rxf6+ 1-0

[Event "London Classic Superrapid"]
[Site "London ENG"]
[Date "2016.12.18"]
[Round "8.4"]
[White "Ehlvest, Jaan"]
[Black "Howell, David W L"]
[Result "0-1"]
[WhiteTitle "GM"]
[BlackTitle "GM"]
[WhiteElo "2532"]
[BlackElo "2644"]
[WhiteFideId "4500016"]
[BlackFideId "410608"]
[EventDate "2016.12.17"]

1. Nf3 Nf6 2. g3 g6 3. b3 Bg7 4. Bb2 O-O 5. Bg2 d6 6. d4 c5 7. c4 Qa5+ 8. Bc3
Qb6 9. d5 e6 10. dxe6 Bxe6 11. O-O h6 12. Qc1 d5 13. cxd5 Bxd5 14. Bb2 Re8 15.
Nc3 Bc6 16. e3 Na6 17. Rd1 Rad8 18. Qc2 Nb4 19. Qe2 Ne4 20. Nxe4 Bb5 21. Qe1 Nc2
22. Rxd8 Nxe1 23. Rxe8+ Bxe8 24. Bxg7 Nxf3+ 25. Bxf3 Kxg7 26. Rc1 Bc6 27. Bg2
Qa5 28. h4 Qxa2 29. Nxc5 Qd2 30. Rc4 Bb5 0-1

[Event "London Classic Superrapid"]
[Site "London ENG"]
[Date "2016.12.18"]
[Round "8.5"]
[White "Speelman, Jon S"]
[Black "Istratescu, Andrei"]
[Result "1/2-1/2"]
[WhiteTitle "GM"]
[BlackTitle "GM"]
[WhiteElo "2526"]
[BlackElo "2596"]
[WhiteFideId "400033"]
[BlackFideId "1200372"]
[EventDate "2016.12.17"]

1. d4 Nf6 2. Nf3 e6 3. g3 b5 4. Bg2 Bb7 5. O-O c5 6. c3 d5 7. a4 b4 8. cxb4 cxb4
9. Bg5 a5 10. Nbd2 Nbd7 11. Ne5 Be7 12. Nd3 Ba6 13. Nb3 O-O 14. Bxf6 Bxf6 15.
Ndc5 Bc4 16. Nxd7 Qxd7 17. Nc5 Qa7 18. b3 Ba6 19. Rc1 Rac8 20. Qd2 Be7 21. Nxa6
Qxa6 22. e3 Rc3 23. Rxc3 bxc3 24. Qxc3 Rc8 25. Qb2 Qd3 26. Rc1 Rxc1+ 27. Qxc1
Qxb3 28. Qc8+ Bf8 29. Qe8 g6 30. Bf1 Kg7 31. Bb5 Qb1+ 32. Kg2 Qe4+ 33. Kg1 Bb4
34. Qb8 g5 35. h3 h5 36. Qe5+ Qxe5 37. dxe5 Bc3 38. f4 h4 39. Kf2 hxg3+ 40. Kxg3
gxf4+ 41. exf4 1/2-1/2

[Event "London Classic Superrapid"]
[Site "London ENG"]
[Date "2016.12.18"]
[Round "8.6"]
[White "Blomqvist, Erik"]
[Black "Safarli, Eltaj"]
[Result "0-1"]
[WhiteTitle "GM"]
[BlackTitle "GM"]
[WhiteElo "2567"]
[BlackElo "2691"]
[WhiteFideId "1709437"]
[BlackFideId "13402129"]
[EventDate "2016.12.17"]

1. Nf3 Nf6 2. c4 e6 3. g3 c5 4. Bg2 Nc6 5. O-O d5 6. d4 Be7 7. cxd5 Nxd5 8. dxc5
Bxc5 9. a3 O-O 10. b4 Be7 11. Bb2 Bf6 12. Bxf6 Qxf6 13. Ra2 Bd7 14. Qc1 Rfc8 15.
Qb2 a5 16. bxa5 Qxb2 17. Rxb2 Nxa5 18. Ne5 Be8 19. Rd1 Ba4 20. Rd4 Rc1+ 21. Bf1
Nc6 22. Nxc6 Bxc6 23. Rd3 Nf6 24. f3 Nd7 25. Rdd2 Ne5 26. Rdc2 Rd1 27. Kf2 g5
28. Rd2 Rxd2 29. Rxd2 Ra5 30. Rb2 Rc5 31. h3 Rc1 32. e4 Nxf3 33. Be2 Ne5 34. Nd2
Rc3 35. a4 Kg7 36. a5 Ra3 37. Nb3 Bxe4 38. Nc5 Bd5 0-1

[Event "London Classic Superrapid"]
[Site "London ENG"]
[Date "2016.12.18"]
[Round "8.7"]
[White "Turner, Matthew J"]
[Black "Cornette, Matthieu"]
[Result "1/2-1/2"]
[WhiteTitle "GM"]
[BlackTitle "GM"]
[WhiteElo "2523"]
[BlackElo "2597"]
[WhiteFideId "402893"]
[BlackFideId "620084"]
[EventDate "2016.12.17"]

1. d4 Nf6 2. Nf3 d5 3. c4 e6 4. g3 dxc4 5. Bg2 Bd7 6. Ne5 Bc6 7. Nxc6 Nxc6 8. e3
Qd7 9. O-O Rd8 10. Qa4 Nb4 11. Qxd7+ Rxd7 12. Na3 c5 13. dxc5 Bxc5 14. Nxc4 Nd3
15. Na5 O-O 16. Nxb7 Bb6 17. a4 a6 18. a5 Ba7 19. b4 Rb8 20. b5 axb5 21. a6 e5
22. Rb1 b4 23. Bd2 Ng4 24. Bxb4 Ngxf2 25. Bc5 Nxc5 26. Nxc5 Rxb1 27. Nxd7 Rxf1+
28. Kxf1 Ng4 29. Ke2 f6 30. Bd5+ Kh8 31. e4 Nxh2 32. Be6 h5 33. Nf8 g5 34. Ng6+
Kg7 35. Ne7 g4 36. Nc8 Bc5 37. a7 Bxa7 38. Nxa7 Nf3 39. Nc6 Kh6 40. Kf2 Kg5 41.
Ne7 h4 42. gxh4+ Kxh4 43. Nf5+ Kg5 44. Ke3 Ne1 45. Bb3 Ng2+ 46. Kf2 Nf4 47. Bd1
Nh5 48. Ne3 Kf4 49. Bxg4 1/2-1/2

[Event "London Classic Superrapid"]
[Site "London ENG"]
[Date "2016.12.18"]
[Round "8.8"]
[White "Polzin, Rainer"]
[Black "McShane, Luke J"]
[Result "0-1"]
[WhiteTitle "GM"]
[BlackTitle "GM"]
[WhiteElo "2423"]
[BlackElo "2652"]
[WhiteFideId "4610741"]
[BlackFideId "404853"]
[EventDate "2016.12.17"]

1. e4 e5 2. Nf3 Nc6 3. Bb5 Nf6 4. O-O Nxe4 5. Re1 Nd6 6. Nxe5 Be7 7. Bf1 Nf5 8.
c3 Nxe5 9. Rxe5 Nh4 10. d4 O-O 11. g3 Ng6 12. Re1 d5 13. f4 Bf5 14. Bd3 Qd7 15.
Qc2 Bxd3 16. Qxd3 Rfe8 17. f5 Nf8 18. Nd2 Bd6 19. Rf1 Qc6 20. f6 g6 21. Nf3 Nd7
22. Bg5 Re4 23. Nd2 Re6 24. Qf3 Rae8 25. c4 dxc4 26. Qxc6 bxc6 27. Nxc4 Bf8 28.
Rac1 h6 29. Bf4 Nxf6 30. Bxc7 Nd5 31. Ba5 Bg7 32. Bc3 f5 33. Kg2 Kh7 34. Rf2 c5
35. dxc5 Nxc3 36. bxc3 Rc8 37. Nd2 Rxc5 38. Nf3 Rxc3 39. Rxc3 Bxc3 40. Rc2 Ba5
41. h3 Re4 42. Kf1 Bb6 43. Kg2 Kg7 44. Kf1 Kf6 45. Rc6+ Re6 46. Rc4 Re3 47. Rc6+
Kf7 48. Kg2 Re2+ 49. Kh1 Bf2 50. g4 fxg4 51. hxg4 Bb6 52. a4 Re4 53. Kh2 Kg7 54.
Kh3 Rxa4 55. Ne5 Ra3+ 56. Kg2 g5 57. Rg6+ Kh7 58. Rd6 Ra2+ 59. Kf3 Rf2+ 60. Ke4
Rf4+ 61. Kd3 Kg7 62. Rg6+ Kh7 63. Rd6 Rf8 64. Rd7+ Kg8 65. Nc4 Rf3+ 66. Ke2 Rf4
67. Nxb6 axb6 68. Rd6 Kg7 69. Rxb6 Rxg4 70. Kf3 Rf4+ 71. Kg3 Rf6 0-1

[Event "London Classic Superrapid"]
[Site "London ENG"]
[Date "2016.12.18"]
[Round "8.9"]
[White "Iturrizaga Bonelli, Eduardo"]
[Black "Deepan, Chakkravarthy J."]
[Result "0-1"]
[WhiteTitle "GM"]
[BlackTitle "GM"]
[WhiteElo "2652"]
[BlackElo "2471"]
[WhiteFideId "3901211"]
[BlackFideId "5011132"]
[EventDate "2016.12.17"]

1. Nf3 Nf6 2. c4 e6 3. g3 b6 4. Bg2 Bb7 5. O-O Be7 6. b3 O-O 7. Bb2 c5 8. e3 d5
9. Qe2 Nbd7 10. Nc3 Re8 11. Rfd1 dxc4 12. bxc4 a6 13. h3 Qc7 14. d3 Bf8 15. a4
Nb8 16. g4 Nc6 17. g5 Nd7 18. h4 Rad8 19. Ne4 Nb4 20. Nh2 e5 21. Ng4 h5 22. Nh2
g6 23. Nc3 Bxg2 24. Kxg2 Bg7 25. Nf1 f5 26. e4 Qc6 27. Nd5 Nf8 28. a5 b5 29.
cxb5 axb5 30. Nxb4 cxb4 31. Qf3 Ne6 32. Rac1 Qa8 33. Kg1 Rf8 34. Ng3 f4 35. Nxh5
gxh5 36. Qxh5 f3 37. g6 Rf4 38. Bxe5 Bxe5 39. Qxe5 Re8 40. h5 Qd8 41. h6 Rg4+
42. Kf1 Rxg6 43. h7+ Kxh7 44. Qh5+ Kg7 45. Qxf3 Qd4 46. Rd2 Rf8 47. Qh5 Rh8 48.
Qf3 Rf6 49. Qg3+ Kf7 50. Rc7+ Nxc7 51. Qxc7+ Kf8 52. Qb8+ Ke7 53. Qc7+ Qd7 54.
Qe5+ Kf7 55. Ke2 Qg4+ 56. Ke3 Rd8 57. f4 Rh6 0-1

[Event "London Classic Superrapid"]
[Site "London ENG"]
[Date "2016.12.18"]
[Round "8.10"]
[White "Suarez Real, Alberto"]
[Black "Jones, Gawain C B"]
[Result "0-1"]
[WhiteTitle "IM"]
[BlackTitle "GM"]
[WhiteElo "2413"]
[BlackElo "2667"]
[WhiteFideId "2218534"]
[BlackFideId "409561"]
[EventDate "2016.12.17"]

1. e4 c5 2. Nf3 d6 3. d4 cxd4 4. Nxd4 Nf6 5. Nc3 g6 6. Be3 Bg7 7. f3 Nc6 8. Qd2
O-O 9. O-O-O d5 10. exd5 Nxd5 11. Nxc6 bxc6 12. Bd4 Bxd4 13. Qxd4 Qb6 14. Na4
Qa5 15. b3 Be6 16. Bc4 Rfd8 17. Qc5 Qc7 18. Rhe1 Qxh2 19. Bxd5 cxd5 20. Qxe7
Rac8 21. Rxe6 Qf4+ 22. Kb1 fxe6 23. Qxe6+ Qf7 24. Qe3 Qc7 25. Qd3 Qe5 26. Qa6
Qf5 27. Rc1 Re8 28. Nb2 Rc7 29. Qd6 Qe5 30. Qb4 Qc3 31. Qd6 Qc6 32. Qxc6 Rxc6
33. Nd3 Re2 34. Nb4 Rc5 35. g4 a5 36. Nd3 Rc3 37. Ne1 Rce3 0-1

[Event "London Classic Superrapid"]
[Site "London ENG"]
[Date "2016.12.18"]
[Round "8.11"]
[White "Lenderman, Aleksandr"]
[Black "Rendle, Thomas E"]
[Result "1-0"]
[WhiteTitle "GM"]
[BlackTitle "IM"]
[WhiteElo "2581"]
[BlackElo "2365"]
[WhiteFideId "2021285"]
[BlackFideId "408760"]
[EventDate "2016.12.17"]

1. Nf3 e6 2. g3 f5 3. Bg2 Nf6 4. O-O d5 5. d3 Bd6 6. Nbd2 O-O 7. Qe1 Nc6 8. c3
e5 9. e4 dxe4 10. dxe4 Qe7 11. Qe2 f4 12. Nc4 Bg4 13. h3 Bh5 14. b4 Nd7 15. Rd1
Rf6 16. g4 Bg6 17. Nh4 Re8 18. Nf5 Bxf5 19. exf5 Rff8 20. Nxd6 cxd6 21. Qd3 Nb6
22. b5 e4 23. Qxd6 Rd8 24. Bxf4 Rxd6 25. Bxd6 Qf6 26. bxc6 bxc6 27. Bxf8 Kxf8
28. Rd4 Nd5 29. Rad1 Qg5 30. Bxe4 Nxc3 31. Rd8+ Ke7 32. R1d7+ Kf6 33. Rf8+ Ke5
34. Re8+ Kf4 35. Bxc6 Qh4 36. Rd4+ Kg5 37. f4+ Kf6 38. Kg2 Kf7 39. Rc8 1-0

[Event "London Classic Superrapid"]
[Site "London ENG"]
[Date "2016.12.18"]
[Round "8.12"]
[White "Gupta, Abhijeet"]
[Black "Tate, Alan"]
[Result "1-0"]
[WhiteTitle "GM"]
[BlackTitle "FM"]
[WhiteElo "2634"]
[BlackElo "2309"]
[WhiteFideId "5010608"]
[BlackFideId "2401878"]
[EventDate "2016.12.17"]

1. d4 d5 2. c4 c6 3. Nf3 Nf6 4. Nc3 e6 5. g3 Nbd7 6. Bg2 dxc4 7. O-O Be7 8. a4
O-O 9. a5 Nd5 10. e4 Nb4 11. Qe2 Nd3 12. Be3 e5 13. d5 Bb4 14. a6 Bxc3 15. bxc3
cxd5 16. exd5 b5 17. Rfb1 Nb6 18. Rxb5 Bd7 19. Rba5 Bf5 20. Nh4 Bd7 21. Be4 f5
22. Bxd3 cxd3 23. Qxd3 f4 24. Bc5 Rf6 25. Qe4 Rc8 26. Bxb6 Qxb6 27. R5a2 fxg3
28. hxg3 Rxc3 29. Qxe5 Rb3 30. Rd2 h6 31. Ng2 Rb1+ 32. Rxb1 Qxb1+ 33. Kh2 Rxa6
34. Rb2 Qf5 35. Rb8+ Kh7 36. Qxf5+ Bxf5 37. Ne3 Be4 38. Rb4 Bg6 39. g4 Rd6 40.
Kg3 Bf7 41. Rb5 g5 42. Rb7 Kg6 43. Nf5 Rd8 44. Rxa7 Bxd5 45. Ra6+ Kf7 46. Nxh6+
Kg7 47. Nf5+ Kf7 48. Ra7+ Kf6 49. Ra6+ Kf7 50. Ra4 Be6 51. Ne3 Rd7 52. Kf3 Bd5+
53. Ke2 Be6 54. Ra5 Kf6 55. Kf3 Rb7 56. Ra6 Rb3 57. Kg2 Kf7 58. Ra4 Rd3 59. Kf3
Rd2 60. Nf1 Rc2 61. Kg3 Rc4 62. Ra7+ Kf6 63. f3 Rc3 64. Ra6 Kf7 65. Ra5 Kf6 66.
Nd2 Rc2 67. Ne4+ Kg6 68. Ra6 1-0

[Event "London Classic Superrapid"]
[Site "London ENG"]
[Date "2016.12.18"]
[Round "8.13"]
[White "Hawkins, Jonathan"]
[Black "Bellahcene, Bilel"]
[Result "1/2-1/2"]
[WhiteTitle "GM"]
[BlackTitle "IM"]
[WhiteElo "2590"]
[BlackElo "2496"]
[WhiteFideId "412686"]
[BlackFideId "696358"]
[EventDate "2016.12.17"]

1. d4 d5 2. c4 e6 3. Nf3 c6 4. Nc3 dxc4 5. a4 Bb4 6. e3 b5 7. Bd2 a5 8. axb5
Bxc3 9. Bxc3 cxb5 10. b3 Bb7 11. bxc4 b4 12. Bb2 Nf6 13. Bd3 O-O 14. O-O Nbd7
15. Nd2 Qc7 16. Bc2 Rfd8 17. Re1 e5 18. f3 Re8 19. Bd3 exd4 20. exd4 Rxe1+ 21.
Qxe1 a4 22. Ne4 a3 23. Bc1 Nxe4 24. fxe4 Qd6 25. Qe3 Rd8 26. Be2 Re8 27. e5 Nxe5
28. dxe5 Rxe5 29. Qf2 Qe6 30. Ra2 h6 31. Bf4 Re4 32. Rd2 b3 33. Rd8+ Kh7 34. Bd3
f5 35. Bd2 Qe5 36. Bc3 Qe6 37. Rb8 Ba6 38. Rb6 Qd7 39. Rxa6 a2 40. Bxe4 fxe4 41.
Ra7 Qd1+ 42. Qf1 1/2-1/2

[Event "London Classic Superrapid"]
[Site "London ENG"]
[Date "2016.12.18"]
[Round "8.14"]
[White "Nunn, John D M"]
[Black "Sanders, Isaac B"]
[Result "1-0"]
[WhiteTitle "GM"]
[BlackTitle "FM"]
[WhiteElo "2600"]
[BlackElo "2341"]
[WhiteFideId "400017"]
[BlackFideId "417661"]
[EventDate "2016.12.17"]

1. e4 Nf6 2. e5 Ng8 3. d4 d5 4. Bd3 c5 5. c3 Nc6 6. Ne2 e6 7. Nd2 Nge7 8. O-O
Nf5 9. Nf3 Be7 10. Re1 cxd4 11. Bxf5 exf5 12. Nexd4 Be6 13. Qd3 Qd7 14. Bg5 Bc5
15. Rad1 h6 16. Be3 Be7 17. Nxe6 fxe6 18. c4 O-O 19. Qb1 Rad8 20. a3 d4 21. Bxd4
Nxd4 22. Nxd4 Bc5 23. Nb5 Qc6 24. b4 Be7 25. Qc2 Qb6 26. Qe2 Rxd1 27. Rxd1 Rd8
28. Rxd8+ Qxd8 29. Nxa7 Qd4 30. Nc8 Bf8 31. g3 Qa1+ 32. Kg2 Qxa3 33. b5 Qc5 34.
Nd6 Bxd6 35. exd6 Qxd6 36. Qf3 Qd7 37. b6 Kf7 38. c5 Ke7 39. h4 Kd8 40. Qc3 Qd5+
41. Kh2 e5 42. Qa3 Kd7 43. Qa4+ Qc6 44. Qc4 Qf3 45. Qb5+ Kd8 46. Qb2 Kd7 47.
Qd2+ Kc8 48. Kg1 Qc6 49. Qc3 Qd5 50. Qc2 e4 51. Qa4 Kd8 52. Qa8+ Ke7 53. Qc8 e3
54. Qc7+ Ke8 55. fxe3 Qd1+ 56. Kf2 Qd2+ 57. Kf3 Qd5+ 58. Ke2 Qc4+ 59. Kd2 Qa2+
60. Kc3 Qa3+ 61. Kd4 Qb4+ 62. Ke5 Qe4+ 63. Kd6 h5 64. Qd7+ Kf8 65. Kc7 Qxe3 66.
Kxb7 Qxg3 67. Qd6+ 1-0

[Event "London Classic Superrapid"]
[Site "London ENG"]
[Date "2016.12.18"]
[Round "8.15"]
[White "Hovhannisyan, Robert"]
[Black "Graham, David B"]
[Result "1-0"]
[WhiteTitle "GM"]
[WhiteElo "2630"]
[BlackElo "2177"]
[WhiteFideId "13302507"]
[BlackFideId "408131"]
[EventDate "2016.12.17"]

1. e4 e6 2. d4 d5 3. Nc3 Bb4 4. exd5 exd5 5. Bd3 Nc6 6. Nf3 Nge7 7. O-O Bxc3 8.
bxc3 O-O 9. Ba3 h6 10. c4 Bg4 11. c3 Re8 12. Re1 Qd7 13. Rb1 Ng6 14. Rxe8+ Rxe8
15. h3 Bxh3 16. gxh3 Qxh3 17. Nh2 Nf4 18. Bf1 Qxc3 19. cxd5 Qxa3 20. dxc6 bxc6
21. Rb3 Qxa2 22. Qf3 Qd2 23. Qxc6 Re6 24. Qa8+ Kh7 25. Rb8 Qxd4 26. Rh8+ Kg6 27.
Qf3 Re5 28. Qc6+ f6 29. Nf3 Ne2+ 30. Bxe2 Qg4+ 31. Kf1 Qh3+ 32. Ke1 Qh1+ 33. Kd2 1-0

[Event "London Classic Superrapid"]
[Site "London ENG"]
[Date "2016.12.18"]
[Round "8.16"]
[White "Fernandez, Daniel Howard"]
[Black "Svane, Rasmus"]
[Result "0-1"]
[WhiteTitle "IM"]
[BlackTitle "GM"]
[WhiteElo "2468"]
[BlackElo "2555"]
[WhiteFideId "5801605"]
[BlackFideId "4657101"]
[EventDate "2016.12.17"]

1. Nf3 d5 2. d4 Nf6 3. Bf4 c5 4. c3 Qb6 5. Qb3 c4 6. Qxb6 axb6 7. Bxb8 Rxb8 8.
Nbd2 Bf5 9. g3 h6 10. Bg2 e6 11. O-O b5 12. a3 Bh7 13. Ne1 Bd6 14. Rc1 Ne4 15.
Nxe4 dxe4 16. Nc2 Ke7 17. Ra1 Ra8 18. e3 Rhc8 19. Rfb1 Rc7 20. Kf1 Bg6 21. Ke1
f5 22. Kd2 Be8 23. f3 exf3 24. Bxf3 e5 25. Rf1 e4 26. Be2 Bd7 27. h3 Rf8 28. Nb4
Ke6 29. Rg1 Rcc8 30. Bd1 Rf6 31. Bc2 Rcf8 32. Ke2 g5 33. b3 Be8 34. Raf1 Bh5+
35. g4 Bg6 36. gxf5+ Bxf5 37. a4 Bxh3 38. Rxf6+ Rxf6 39. bxc4 bxc4 40. Bxe4 Bh2
41. Rh1 Bg4+ 42. Kd2 Rf2+ 43. Kc1 b6 44. Bd5+ Kd7 45. Bxc4 Bf3 46. Re1 Bd6 47.
Bd5 Bxb4 48. Bxf3 Ba3+ 0-1

[Event "London Classic Superrapid"]
[Site "London ENG"]
[Date "2016.12.18"]
[Round "8.17"]
[White "Siva, Mahadevan"]
[Black "Zinchenko, Yaroslav"]
[Result "0-1"]
[WhiteTitle "IM"]
[BlackTitle "GM"]
[WhiteElo "2360"]
[BlackElo "2547"]
[WhiteFideId "25043153"]
[BlackFideId "14110547"]
[EventDate "2016.12.17"]

1. e4 c5 2. Nf3 Nc6 3. d4 cxd4 4. Nxd4 Nf6 5. Nc3 d6 6. Bc4 Qb6 7. Nb3 e6 8. Bf4
Ne5 9. Be2 a6 10. Be3 Qc7 11. Qd4 Be7 12. f4 Nc6 13. Qd2 b5 14. a3 O-O 15. g4 d5
16. exd5 Rd8 17. Bf3 exd5 18. Qg2 Bxg4 19. Bxg4 Nxg4 20. Qxg4 d4 21. Nxd4 Nxd4
22. O-O-O Bf6 23. Rd2 Qe7 24. Re1 b4 25. axb4 Qxb4 26. Ne4 Ne2+ 27. Kd1 Qxe4 28.
Rxe2 Qa4 29. Rxd8+ Rxd8+ 30. Rd2 Re8 31. Rd3 Qa1+ 32. Kd2 Bxb2 33. Qd7 Qc1+ 34.
Ke2 Qxc2+ 35. Rd2 Qe4 36. Qd3 Qxf4 37. Kd1 Qa4+ 38. Ke2 Bc1 39. Rd1 Bxe3 0-1

[Event "London Classic Superrapid"]
[Site "London ENG"]
[Date "2016.12.18"]
[Round "8.18"]
[White "Batchelor, Peter J"]
[Black "Fodor, Tamas Jr."]
[Result "1/2-1/2"]
[WhiteTitle "FM"]
[BlackTitle "GM"]
[WhiteElo "2365"]
[BlackElo "2494"]
[WhiteFideId "424854"]
[BlackFideId "723762"]
[EventDate "2016.12.17"]

1. Nf3 d5 2. d4 Nf6 3. c4 dxc4 4. e3 Bg4 5. Bxc4 e6 6. O-O a6 7. Bb3 Bd6 8. Nc3
Nc6 9. h3 Bh5 10. Re1 O-O 11. g4 Nxg4 12. hxg4 Bxg4 13. Ne4 f5 14. Bxe6+ Kh8 15.
Neg5 Qf6 16. d5 Ne5 17. Nxe5 Bxe5 18. f3 Bh5 19. e4 Bd4+ 20. Kg2 Bxb2 21. Rh1 g6
22. Rb1 Bxc1 23. Qxc1 fxe4 24. Qb2 h6 25. Nf7+ Rxf7 26. Rxh5 exf3+ 27. Kf2 Qxb2+
28. Rxb2 Rh7 29. Rh3 b6 30. Rxf3 Rg7 31. Rc2 Re8 32. Rc6 Kh7 33. Kg3 a5 34. a4
Ree7 35. Rf6 Kh8 36. Rf8+ Kh7 37. Rc8 h5 38. Kh4 Kh6 39. Bf5 Kh7 40. Rxg6 Rxg6
41. Kxh5 Kg7 42. Bxg6 Re5+ 43. Kg4 Kxg6 44. Rxc7 Rxd5 45. Rc6+ Kf7 46. Rxb6 Rd4+
47. Kf5 Rxa4 48. Ke5 Ke7 49. Kd5 Kd7 50. Kc5 Kc7 51. Rh6 Ra1 52. Rh7+ Kc8 53.
Rh8+ Kd7 54. Rh7+ Ke6 55. Ra7 a4 56. Kb4 Rb1+ 57. Ka3 Rb6 1/2-1/2

[Event "London Classic Superrapid"]
[Site "London ENG"]
[Date "2016.12.18"]
[Round "8.19"]
[White "Hector, Jonny"]
[Black "Praggnanandhaa, R"]
[Result "1-0"]
[WhiteTitle "GM"]
[BlackTitle "IM"]
[WhiteElo "2488"]
[BlackElo "2452"]
[WhiteFideId "1700090"]
[BlackFideId "25059530"]
[EventDate "2016.12.17"]

1. e4 e5 2. Nf3 Nc6 3. Bc4 Nf6 4. Qe2 Be7 5. d4 d5 6. dxe5 Nxe4 7. O-O dxc4 8.
Qxe4 Be6 9. Nc3 O-O 10. Bf4 Qc8 11. Rad1 Bf5 12. Qe2 Bg4 13. Qxc4 Bxf3 14. gxf3
Qe6 15. Qe4 f6 16. exf6 Qxf6 17. Nd5 Qf7 18. Nxc7 Rac8 19. Ne6 Rfe8 20. Rd7 Qh5
21. Nc7 Rf8 22. Rxe7 Nxe7 23. Qxe7 Qg6+ 24. Bg3 Rf7 25. Qe6 Qxe6 26. Nxe6 Rxc2
27. Rd1 Re7 28. Ng5 Re8 29. Rd7 h6 30. Ne4 Rxb2 31. Nd6 Re1+ 32. Kg2 Rxa2 33.
Rxb7 Ra5 34. Bf4 Re6 35. Ne4 Rf5 36. Be3 a5 37. Ng3 Rd5 38. Ra7 Rc6 39. f4 Rc4
40. f5 a4 41. f6 gxf6 42. Bxh6 Rh4 43. Be3 Rc4 44. Kf3 Rh4 45. Kg2 Rc4 46. Ne2
Rb5 47. Nd4 Rb2 48. Nf5 Ra2 49. Bd4 Rcc2 50. Kg3 Ra3+ 51. f3 Raa2 52. h4 a3 53.
Bxf6 Kf8 54. Nd6 Kg8 55. h5 Rh2 56. Ra8+ 1-0

[Event "London Classic Superrapid"]
[Site "London ENG"]
[Date "2016.12.18"]
[Round "8.20"]
[White "Gharamian, Tigran"]
[Black "Karthikeyan, Murali"]
[Result "1/2-1/2"]
[WhiteTitle "GM"]
[BlackTitle "GM"]
[WhiteElo "2621"]
[BlackElo "2530"]
[WhiteFideId "13301527"]
[BlackFideId "5074452"]
[EventDate "2016.12.17"]

1. e4 c5 2. Nf3 d6 3. Bb5+ Nd7 4. d4 Nf6 5. O-O a6 6. Bxd7+ Nxd7 7. dxc5 Nxc5 8.
Nc3 e6 9. Bg5 Qc7 10. Qd2 b5 11. b4 Nd7 12. a4 bxa4 13. Nxa4 Bb7 14. Rfe1 h6 15.
Bh4 Nf6 16. Bxf6 gxf6 17. c4 Rg8 18. Qd3 Rc8 19. c5 dxc5 20. Nxc5 Bxc5 21. bxc5
Qxc5 22. Rab1 Rd8 23. Qb3 Ba8 24. Qa4+ Qc6 25. Qa5 Rg4 26. Rbc1 Qb5 27. Qa1 e5
28. Rb1 Qc6 29. Rbc1 Qb5 30. Rb1 Qc6 31. Rbc1 Qe6 32. h3 Rf4 33. Nh2 Qb6 34. Re2
Kf8 35. Rce1 Rd4 36. Rb2 Qd6 37. f3 f5 38. g3 fxe4 39. gxf4 exf3 40. Qa5 Rxf4
41. Qxe5 Qg6+ 42. Ng4 Rxg4+ 43. hxg4 Qxg4+ 44. Kf2 Qh4+ 45. Kf1 Qh3+ 46. Kf2
Qh4+ 47. Kf1 Qh3+ 48. Kf2 Qh4+ 49. Kf1 1/2-1/2

[Event "London Classic Superrapid"]
[Site "London ENG"]
[Date "2016.12.18"]
[Round "8.21"]
[White "Gallagher, Joseph G."]
[Black "Soumya, Swaminathan"]
[Result "1-0"]
[WhiteTitle "GM"]
[BlackTitle "WGM"]
[WhiteElo "2433"]
[BlackElo "2384"]
[WhiteFideId "1303422"]
[BlackFideId "5016193"]
[EventDate "2016.12.17"]

1. e4 c5 2. Nf3 d6 3. d4 cxd4 4. Nxd4 Nf6 5. Nc3 Nc6 6. Bg5 e6 7. Qd2 a6 8.
O-O-O Bd7 9. f4 b5 10. Bxf6 gxf6 11. Kb1 Qb6 12. Nxc6 Bxc6 13. Qe1 Ra7 14. f5 b4
15. Ne2 e5 16. Ng3 h5 17. h4 Qc5 18. b3 Ke7 19. Bc4 Rg8 20. Rh3 Bh6 21. Nxh5
Rxg2 22. Rg3 Rxg3 23. Qxg3 Bxe4 24. Qg8 Bxc2+ 25. Kxc2 Qf2+ 26. Kb1 Qxf5+ 27.
Kb2 Qxh5 28. Rg1 Be3 29. Rg4 Rc7 30. a3 f5 31. Rg2 a5 32. Bxf7 Bd4+ 33. Ka2 Qxf7
34. Rg7 Rc2+ 35. Kb1 Rb2+ 36. Kc1 Qxg7 37. Qxg7+ Ke6 38. axb4 axb4 39. h5 Rh2
40. Qg6+ Kd5 41. Qxf5 Rh1+ 42. Kc2 Rh2+ 43. Kd1 Rh1+ 44. Ke2 Rh2+ 45. Kd3 Rf2
46. Qg4 Rh2 47. Qg8+ Kc5 48. Qc8+ Kb6 49. Qb8+ Kc6 50. Qe8+ Kb6 51. Kc4 Bc5 52.
Kd5 Rd2+ 53. Ke6 e4 54. h6 Rh2 55. Qb8+ Kc6 56. Qa8+ Kb6 57. Qb8+ Kc6 58. Qe8+
Kb6 59. Kd5 Rxh6 60. Qb8+ Ka6 61. Kc6 Rh7 62. Qa8+ Ba7 63. Qc8+ Ka5 64. Qd8+ Ka6
65. Qg8 Rh5 66. Qc8+ Ka5 67. Qc7+ Ka6 68. Qb7+ Ka5 69. Qxa7# 1-0